00888nam a22002177a 4500008004100000020001500041082002200056100005200078245011600130250001200246260007000258300003800328504002700366650003100393650003500424653002400459655002400483942002200507999001700529952012400546140209s1990 sa ae grb 000 0 eng d a095830831404222a615.4068bFUT1 935141aFutter, W. T.d 1946-q(William Thomas),10aI'm thinking of buying a pharmacy :ba practical guide to successful small business management /cW. T. Futter. a1st ed. aCape Town :bArrow Publishers CC.,c1990e(Parow :fAce Printers) a173 p. :bplans, tables ;c25 cm. aBibliography : p. 173. 0935142aPharmacy management 2935143aPharmacy administration bPPhrmcFebruary2014 vreading book934232 2ddck615.4068 FUT c18056d18028 00102ddc40708Donation-GaMAINbMAINc1STd2014-02-09eDonationl0o615.4068 FUTp000035610r2025-07-15 00:00:00yBB